000 00372nam a2200157Ia 4500
001 604
008 140312s9999 xx 000 0 und d
040 _cPK-LaUMT
082 _a 306.9
_bMEA-
100 _aHerman Feifel
245 4 _aThe meaning of death
_cHerman Feifel
260 _a"New York,USA:"
_b"McGraw-Hill,"
_c1959.
300 _a351 p.
546 _aEN
942 _cBK
999 _c705
_d705